| 000 | 00926nam a22002175i 4500 | ||
|---|---|---|---|
| 001 | 163539 | ||
| 003 | ES-MaACL | ||
| 005 | 20250929063238.0 | ||
| 008 | 001213m18611867fr |||| | fre d | ||
| 040 |
_aAN _bspa _cAN |
||
| 100 | 1 |
_aRio, Alexis François, _d1797-1874 _9131828 |
|
| 245 | 1 | 0 |
_aDe l'art chrétien / _cpar A.F. Rio. |
| 250 | _aNouvelle éd. entièrement refondue et considérablement augm. | ||
| 260 |
_aParis : _bLibrairie de L. Hachette et Cie., _c1861-1867. |
||
| 300 |
_a4 v. ; _c22 cm. |
||
| 597 | 1 | _aAntep. | |
| 597 | 1 | _aVol. I (LXXXIV, 462 p.) -- vol. II (554 p.) -- vol. III (473 p.) -- vol. IV (561 p.) | |
| 752 |
_aFrancia - _dParis |
||
| 852 |
_aES-MaACL _jG-15801-15803 _z-- Enc. hol. _q-- Sólo t.I-III _x-- Edic.: El imp. es: Imp. de W. Remquet, Goupy et c\pie\s -- Los t.I-III fechados en 1861 -- T.I (LXXXIV, 462 p.) - T.II (554 p.) - T.III (475 p.) |
||
| 999 |
_c163539 _d163539 |
||